| 000 -CABECERA |
| fixed length control field |
00789nam a22002177a 4500 |
| 003 - IDENTIFICADOR DEL NÚMERO DE CONTROL |
| control field |
AR-CdUCM |
| 008 - DATOS DE LONGITUD FIJA--INFORMACIÓN GENERAL |
| fixed length control field |
190524b ||||| |||| 00| 0 spa d |
| 020 ## - NÚMERO INTERNACIONAL ESTÁNDAR DEL LIBRO |
| ISBN |
84-505-3876-9 |
| 040 ## - FUENTE DE LA CATALOGACIÓN |
| Agencia/entidad que catalogó originalmente la obra |
MUNICIPALIDAD PROVINCIAL DEL CUSCO |
| Entidad que transcribió la catalogación |
BIBLIOTECA MUNICIPAL DEL CUSCO |
| 082 ## - NÚMERO DE LA CLASIFICACIÓN DECIMAL DEWEY |
| No. de Clasificación |
791.436 / |
| Notacion interna |
IN62 |
| 110 ## - ENTRADA PRINCIPAL--NOMBRE DE ENTIDAD CORPORATIVA |
| Nombre de la institución, jurisdicción como entrada principal |
Instituto de Cooperación Iberoamericana |
| 9 (RLIN) |
4266 |
| 245 ## - MENCIÓN DE TÍTULO |
| Título |
Inventario de cine y video sobre ciencia y tecnología : |
| Resto del título |
medicina / |
| 260 ## - PUBLICACIÓN, DISTRIBUCIÓN, ETC. |
| Lugar de publicación, distribución, etc. |
España : |
| Nombre de la editorial, distribuidor, etc. |
Instituto de Cooperación Iberoamericana, |
| 300 ## - DESCRIPCIÓN FÍSICA |
| Nº de Páginas Extensión |
299 páginas ; |
| Dimensiones |
20 cm |
| 505 ## - NOTA DE CONTENIDO CON FORMATO |
| Nota de contenido formateada |
Contenido : Prólogo -- Introducción -- Indice de Materias... |
| 650 ## - PUNTO DE ACCESO ADICIONAL DE MATERIA--TÉRMINO DE MATERIA |
| Descriptor |
Materiales audiovisuales |
| 9 (RLIN) |
41946 |
| 650 ## - PUNTO DE ACCESO ADICIONAL DE MATERIA--TÉRMINO DE MATERIA |
| Descriptor |
Directorios |
| 9 (RLIN) |
19417 |
| 650 ## - PUNTO DE ACCESO ADICIONAL DE MATERIA--TÉRMINO DE MATERIA |
| Descriptor |
Tecnología |
| 9 (RLIN) |
1571 |
| 942 ## - ELEMENTOS DE PUNTO DE ACCESO ADICIONAL (KOHA) |
| Fuente de clasificación |
|
| Tipo de item |
Libros-BMC |
| 945 ## - PROCESAMIENTO DE INFORMACIÓN LOCAL (OCLC) |
| Catalogador |
Andy |
| AAAA-MM-DD - Fecha de ingreso o modificacion |
2019-05-24 |